Работы В.Н. Муравьева "Великодержавные задачи России и предстоящие выборы" (с перечнем рассматриваемых вопросов или глав: "Велик...

Доступно только в Электронных читальных залах Найти на картеНа карте
RUSMARC
00003909nmc2a22000003x 450
001054d2e1c-4092-4efb-b9dc-7a0ef1bc427f
00520210203184609.0
100##$a20190703l19111911k l0rusy0189 ca
1010#$arus
102##$aRU
2001#$aРаботы В.Н. Муравьева "Великодержавные задачи России и предстоящие выборы" (с перечнем рассматриваемых вопросов или глав: "Великодержавность", "Политика без народа", "Великодержавность и демократия", "Народ", "Интеллигенция" и другие, с вариантами и набросками)
$j1911 г.
251##$cДело
300##$aТворческие материалы Валериана Николаевича Муравьева (1885-1919)
300##$aЧерновик-автограф, наброски, планы
801#0$aRU
$bРГИА
$c20190703
$gRCR
801#1$aRU
$bГлавНИВЦ
$c20190703
$2rusmarc
801#2$aRU
$bПБ им. Б.Н. Ельцина
$c20210203
$gRCR
$2rusmarc
850##$aРГИА
852##$aРГИА
$eФедеральное казенное учреждение "Российский государственный исторический архив" (РГИА)
$j296
937##$hРГИА
$d12275605
$aASBIBLIO_SCAN
462#0$1001550f2e1e-efd2-42d6-8fd6-6c66e8002a35
$12001
$a1789-1919 гг.
$1251
$cОпись
$1852
$j1
461#0$1001e55ac5ec-b2ce-4102-abdd-bfb64c8f26c6
$12001
$aМуравьевы
$1251
$cФонд
$1852
$j995
215##$a202 л.
$d39х25 см
371##$aДокумент не является опубликованным и широко распространяемым
105##$ay###
1222#$ad
035##$a054d2e1c-4092-4efb-b9dc-7a0ef1bc427f
856##$uhttp://readingroom.main.prlib.ru/item.aspx?id_node=n156175145&mode=full
Формат отображения